LEADER 01191nam a2200289 a 4500 001 000000123150 003 CaOOAMICUS 005 20100929140452.0 008 100929t2010 it d u000 u ita r 020 $a978-88-217-3263-8 040 $aPUL$bita 082 04$a657 100 1 $aPeruzzi, Mario.$0(OLS)http://pul/name/77468 245 10$aCredit enhancement :$bla valutazione del merito creditizio delle imprese /$cMario Peruzzi. 260 $aMilano :$bIpsoa,$cİ2010. 300 $a308 p. :$bgrafici ;$c24 cm 490 1 $aManagement ;$v23 650 4$aDiritto societario.$0(OLS)http://pul/subject/29527 830 0$aManagement ;$v23.$0(OLS)http://pul/title/119099 850 $aPUL 852 $aPUL$W1$xSL Cons. Gen., Altre Classi 3$y75$m657 PERMA 1$j141573$qDDC 21$B140604$CPULBib$Z2$F140604 $H114843 $82 941 1 $a9 996 $6020$a978-88-217-3263-8$9(OLS)http://pul/number/145475 996 $6082$a657$9(OLS)http://pul/classification/745 996 $6245$aCredit enhancement :$bla valutazione del merito creditizio delle imprese$9(OLS)http://pul/title/155202 996 $6260$aMilano :$bIpsoa$9(OLS)http://pul/publisher/67046 LEADER 01646nam a2200373 a 4500 001 000000130267 003 CaOOAMICUS 005 20120920130025.0 008 120920s2010 it u000 u ita r 020 $z978-88-382-41-17-8* 040 $aPUL$bita 082 04$a264.02 100 0 $aPaulus PP.$bVI,$cs.,$d1897-1978.$0(OLS)http://pul/name/1432 245 10$aScritti liturgici :$briflessioni, appunti, saggi (1930-1939) /$cGiovanni Battista Montini ; a cura di Inos Biffi. 260 $aRoma :$bStudium,$cİ2010. 300 $a298 p. ;$c25 cm 490 1 $aQuaderni dell'istituto ;$v31 504 $aBibliografia in nota. 600 04$aPaulus PP.$bVI, s.,$d1897-1978$xScritti.$0(OLS)http://pul/subject/15517 650 4$aLiturgia.$0(OLS)http://pul/subject/2437 700 1 $aBiffi, Inos,$csac.,$d1934-$0(OLS)http://pul/name/1663 830 0$aQuaderni dell'Istituto ;$v31.$0(OLS)http://pul/title/90136 850 $aPUL 852 $aPUL$W1$xSL Religione 3$y85$m264. 02 BIFIN 1$j150795$qDDC 21$B149369$CPULBib$Z2$F149369 $H116684 $82 900 $aMontini, Giovanni Battista,$cs.,$d1897-1978$91432 900 $aPaolo$bVI,$cpapa, b.,$d1897-1978$91432 910 $aPapi (1963-1978 : Paulus PP. VI)$91432 910 $aPapi (1963-1978 : Paulus PP. VI)$91432 941 1 $a9 996 $6020$z978-88-382-41-17-8*$9(OLS)http://pul/number/150531 996 $6082$a264.02$9(OLS)http://pul/classification/1758 996 $6245$aScritti liturgici :$briflessioni, appunti, saggi (1930-1939)$9(OLS)http://pul/title/164642 996 $6260$aRoma :$bStudium$9(OLS)http://pul/publisher/47892